[Event "CRO Cup"]
[Site "Mali Losinj"]
[Date "2024.05.09"]
[Round "3.11"]
[White "Machata, Martin"]
[Black "Doric, Darko"]
[Result "0-1"]
[WhiteElo "2176"]
[BlackElo "2439"]
[PlyCount "114"]
[EventDate "2024.05.08"]
[EventType "team-swiss"]
[EventRounds "6"]
[EventCountry "CRO"]
[SourceTitle "CB20_2024"]
[SourceDate "2024.05.16"]
[SourceVersion "1"]
[SourceVersionDate "2024.05.16"]
[SourceQuality "1"]
[WhiteTeam "Slavonski Brod"]
[BlackTeam "Bestovje Sveta Nedjelja"]
[WhiteTeamCountry "CRO"]
[BlackTeamCountry "CRO"]

1. d4 d5 2. Nc3 Nf6 3. Bf4 a6 4. e3 b5 5. a3 h6 6. Bd3 Bb7 7. Nf3 e6 8. Ne5 c5 9. 0-0 Nbd7 10. h4 Be7 11. g4 c4 12. Be2 Ne4 13. h5 Nxc3 14. bxc3 Nxe5 15. Bxe5 0-0 16. Kh1 Qd7 17. Rg1 Rae8 18. Rg2 Bd8 19. Qg1 f6 20. Bh2 e5 21. Rf1 e4 22. Ra1 Ba5 23. Qe1 Rf7 24. Bf4 Bc6 25. Qd2 Kh8 26. Rag1 Qe7 27. Ra1 Qf8 28. Rgg1 Bd8 29. Rg2 Re6 30. Rg3 Rb7 31. Rgg1 Be7 32. Qc1 Bd7 33. Rg2 Reb6 34. Rg1 Qd8 35. Qd2 f5 36. Rg2 fxg4 37. Qd1 Bd6 38. Bxd6 Rxd6 39. Bxg4 Rf6 40. Qe2 Qf8 41. Bxd7 Rxd7 42. Qg4 Rdf7 43. a4 Rxf2 44. axb5 axb5 45. Rxf2 Rxf2 46. Kg1 Rf6 47. Qg2 Qf7 48. Rf1 Rxf1+ 49. Qxf1 Qxf1+ 50. Kxf1 g6 51. hxg6 Kg7 52. Kf2 Kxg6 53. Kg3 Kg5 54. Kh3 h5 55. Kg3 h4+ 56. Kh3 Kh5 57. Kh2 Kg4 0-1

[Event "Skalica op-A"]
[Site "Skalica"]
[Date "2023.08.25"]
[Round "7"]
[White "Rak, Martin"]
[Black "Machata, Martin"]
[Result "1/2-1/2"]
[WhiteElo "1964"]
[BlackElo "2210"]
[PlyCount "130"]
[EventDate "2023.08.19"]
[EventType "swiss"]
[EventRounds "9"]
[EventCountry "SVK"]
[SourceTitle "CBM 215 Extra"]
[Source "ChessBase"]
[SourceDate "2023.09.30"]
[SourceVersion "1"]
[SourceVersionDate "2023.09.30"]
[SourceQuality "1"]

1. e4 c5 2. Nf3 d6 3. d4 cxd4 4. Qxd4 Nf6 5. c4 Nc6 6. Qd3 g6 7. Nc3 Bg7 8. h3 Be6 9. Be3 Rc8 10. Rc1 0-0 11. Qd2 a6 12. Be2 Qa5 13. 0-0 Rfe8 14. Rfd1 Ne5 15. Nxe5 Qxe5 16. Bd4 Qa5 17. b3 Nd7 18. Bg4 Bxd4 19. Qxd4 b5 20. Bxe6 fxe6 21. cxb5 axb5 22. b4 Qa6 23. a4 bxa4 24. b5 Qb6 25. Qxa4 Rc5 26. Qb3 Re5 27. Ra1 Rf8 28. Rd2 Nc5 29. Qc4 Rf4 30. g3 Rf3 31. Kg2 Rf8 32. f4 Rh5 33. Na4 Qb7 34. Nxc5 Rxc5 35. Qxe6+ Kg7 36. b6 Rf6 37. Ra7 Rxe6 38. Rxb7 Rb5 39. Rd4 Kf7 40. Kf3 d5 41. e5 Rc6 42. Rd3 Ke6 43. Ra3 Rcxb6 44. Rxb6+ Rxb6 45. Ke3 g5 46. Rd3 gxf4+ 47. gxf4 Rb5 48. Ra3 Rb4 49. Ra6+ Kf5 50. Ra7 Re4+ 51. Kd3 Rxf4 52. Rxe7 Rh4 53. Re8 h6 54. e6 Ke5 55. e7 Rxh3+ 56. Kd2 Ke6 57. Rd8 Kxe7 58. Rxd5 Rf3 59. Ke2 Rf6 60. Rd3 h5 61. Re3+ Kd6 62. Rf3 Rg6 63. Kf2 Ke5 64. Rh3 Rg5 65. Ra3 Kf4 1/2-1/2

[Event "Skalica op-A"]
[Site "Skalica"]
[Date "2023.08.19"]
[Round "1"]
[White "Janik, Marek Tobias"]
[Black "Machata, Martin"]
[Result "0-1"]
[WhiteElo "1944"]
[BlackElo "2210"]
[PlyCount "63"]
[EventDate "2023.08.19"]
[EventType "swiss"]
[EventRounds "9"]
[EventCountry "SVK"]
[SourceTitle "CBM 215 Extra"]
[Source "ChessBase"]
[SourceDate "2023.09.30"]
[SourceVersion "1"]
[SourceVersionDate "2023.09.30"]
[SourceQuality "1"]

1. d4 Nf6 2. c4 c5 3. d5 b5 4. cxb5 a6 5. f3 e6 6. e4 Bb7 7. Nc3 exd5 8. e5 Nh5 9. Nh3 d4 10. Ne4 f5 11. Bg5 Qa5+ 12. b4 Qxb4+ 13. Bd2 Qa3 14. Nef2 Be7 15. Bc4 axb5 16. Bxb5 Nc6 17. 0-0 0-0 18. f4 g6 19. Bc4+ Kh8 20. Re1 Na5 21. Bxa5 Rxa5 22. Nd3 Bc6 23. Qb3 Rfa8 24. Rab1 Qxa2 25. Qxa2 Rxa2 26. Bxa2 Rxa2 27. Rb2 Ra3 28. Rb8+ Kg7 29. Nb2 Bd5 30. Rb5 Bc6 31. g3 c4 32. Kf1 0-1

[Event "Bratislava Slovakia op"]
[Site "Bratislava"]
[Date "2022.10.01"]
[Round "6"]
[White "Machata, Martin"]
[Black "Babula, Vlastimil1111"]
[Result "0-1"]
[WhiteElo "2228"]
[BlackElo "2253"]
[PlyCount "126"]
[EventDate "2022.09.30"]
[EventType "swiss (rapid)"]
[EventRounds "9"]
[EventCountry "SVK"]
[SourceTitle "CBM 210 Extra"]
[Source "ChessBase"]
[SourceDate "2022.11.30"]
[SourceVersion "1"]
[SourceVersionDate "2022.11.30"]
[SourceQuality "1"]

1. e4 c5 2. Nc3 Nc6 3. Bb5 Nd4 4. Nf3 a6 5. Bd3 Nc6 6. 0-0 e6 7. Re1 Be7 8. Nd5 Bd6 9. e5 Bf8 10. Nc3 d6 11. exd6 Bxd6 12. Ne4 Be7 13. b3 Nf6 14. Bb2 b6 15. Ne5 Nxe5 16. Bxe5 Bb7 17. Qf3 Nxe4 18. Bxe4 Bxe4 19. Rxe4 0-0 20. Rg4 f6 21. Bc3 Qd5 22. Qg3 Rf7 23. Re1 Bd6 24. Qh3 Re8 25. Rh4 h6 26. Rh5 f5 27. g4 Rd8 28. g5 Bf4 29. g6 Rfd7 30. d3 Qd6 31. Rh4 Bg5 32. Be5 Qe7 33. Rh5 Rd5 34. f4 Rxe5 35. Rxe5 Bxf4 36. Rhxf5 Bxe5 37. Rxe5 Re8 38. Qg4 Qf6 39. Re4 e5 40. Re2 Re6 41. Rg2 e4 42. h4 exd3 43. cxd3 Re1+ 44. Kh2 Qe5+ 45. Qg3 h5 46. Qxe5 Rxe5 47. Rg5 Rxg5 48. hxg5 Kf8 49. Kg3 Ke7 50. Kh4 Ke6 51. Kxh5 Kf5 52. Kh4 Kf4 53. a3 b5 54. a4 Ke3 55. axb5 axb5 56. Kg4 Kxd3 57. Kf5 c4 58. bxc4 bxc4 59. Ke6 c3 60. Kf7 c2 61. Kxg7 c1Q 62. Kh7 Qxg5 63. g7 Qh5+ 0-1

[Event "CRO-chT1B 29th"]
[Site "Mali Losinj"]
[Date "2021.09.27"]
[Round "4.36"]
[White "Machata, Martin"]
[Black "Zerdo, Predrag"]
[Result "1-0"]
[WhiteElo "2189"]
[BlackElo "1770"]
[PlyCount "69"]
[EventDate "2021.09.25"]
[EventType "team-tourn"]
[EventRounds "11"]
[EventCountry "CRO"]
[SourceTitle "CBM 204 Extra"]
[Source "ChessBase"]
[SourceDate "2021.11.30"]
[SourceVersion "1"]
[SourceVersionDate "2021.11.30"]
[SourceQuality "1"]
[WhiteTeam "Bjelovar"]
[BlackTeam "Dubrovnik"]
[WhiteTeamCountry "CRO"]
[BlackTeamCountry "CRO"]

1. e4 c5 2. Nc3 Nc6 3. Bb5 g6 4. Bxc6 dxc6 5. d3 e5 6. f4 Bg7 7. Nf3 exf4 8. Bxf4 Nf6 9. 0-0 0-0 10. Qd2 Bg4 11. Bh6 Nd7 12. Rae1 Qe7 13. Nd1 Rad8 14. Bxg7 Kxg7 15. Qc3+ Kg8 16. Ne3 Bxf3 17. Rxf3 Ne5 18. Rg3 Rfe8 19. Rf1 b6 20. Nf5 Qf8 21. Rf4 Kh8 22. Ne3 Qh6 23. Rxf7 Rd4 24. Rxa7 Qf4 25. b3 Rf8 26. Qe1 b5 27. h3 c4 28. bxc4 bxc4 29. Ra4 c5 30. Nxc4 Re8 31. Qf2 g5 32. Qxf4 gxf4 33. Rg5 Nxc4 34. Rxc5 Rd7 35. Raxc4 1-0

[Event "CRO-chT1B 29th"]
[Site "Mali Losinj"]
[Date "2021.09.25"]
[Round "1.6"]
[White "Matanovic, Luka"]
[Black "Machata, Martin"]
[Result "0-1"]
[WhiteElo "2251"]
[BlackElo "2189"]
[PlyCount "108"]
[EventDate "2021.09.25"]
[EventType "team-tourn"]
[EventRounds "11"]
[EventCountry "CRO"]
[SourceTitle "CBM 204 Extra"]
[Source "ChessBase"]
[SourceDate "2021.11.30"]
[SourceVersion "1"]
[SourceVersionDate "2021.11.30"]
[SourceQuality "1"]
[WhiteTeam "Slavonski Brod Djakovic"]
[BlackTeam "Bjelovar"]
[WhiteTeamCountry "CRO"]
[BlackTeamCountry "CRO"]

1. e4 c5 2. Nf3 g6 3. d4 cxd4 4. Qxd4 Nf6 5. Bb5 a6 6. e5 axb5 7. exf6 Nc6 8. fxe7 Qxe7+ 9. Qe3 Qxe3+ 10. Bxe3 b4 11. 0-0 Bg7 12. c3 0-0 13. Rd1 Re8 14. h3 b5 15. Rd2 Na5 16. a3 Nb3 17. Ra2 Nxd2 18. Bxd2 bxa3 19. bxa3 Bb7 20. Rb2 Be4 21. Nd4 Bd3 22. Be3 Reb8 23. Bf4 Rb7 24. Bd6 Bf8 25. Be5 Re8 26. Nf3 Bxb1 27. Rxb1 Bxa3 28. g4 h6 29. Kg2 Bc5 30. Rb2 d6 31. Bf4 Kg7 32. Rd2 Rb6 33. Kf1 Re4 34. Bg3 Ra6 35. Rb2 Ra1+ 36. Kg2 Ra5 37. Nd2 Re6 38. Nb3 Ra3 39. Nd4 Bxd4 40. cxd4 Rd3 41. Rb4 g5 42. Kh2 Kg6 43. Kg2 f6 44. Kh2 h5 45. gxh5+ Kxh5 46. h4 gxh4 47. Bxh4 d5 48. Bg3 Rb6 49. Bc7 Rb7 50. Bd6 Kg4 51. Kg2 f5 52. Bc5 f4 53. Rb1 f3+ 54. Kh2 b4 0-1

[Event "CRO-chT1B 28th"]
[Site "Mali Losinj"]
[Date "2019.10.04"]
[Round "7.45"]
[White "Machata, Martin"]
[Black "Polok, Kacper"]
[Result "1-0"]
[WhiteElo "2179"]
[BlackElo "2307"]
[PlyCount "49"]
[EventDate "2019.09.28"]
[EventType "team-tourn"]
[EventRounds "9"]
[EventCountry "CRO"]
[SourceTitle "EXT 2020"]
[Source "ChessBase"]
[SourceDate "2019.10.17"]
[SourceVersion "1"]
[SourceVersionDate "2019.10.17"]
[SourceQuality "1"]
[WhiteTeam "Bjelovar"]
[BlackTeam "Split Brda"]
[WhiteTeamCountry "CRO"]
[BlackTeamCountry "CRO"]

1. Nf3 e6 2. g3 f5 3. Bg2 Nf6 4. 0-0 Be7 5. c4 0-0 6. Nc3 d6 7. d3 e5 8. b4 a5 9. b5 Nbd7 10. e3 Qe8 11. Ba3 Qh5 12. Nd2 Qh6 13. Re1 Nc5 14. Qc2 f4 15. Nd5 Ng4 16. Nxe7+ Kh8 17. Nf3 fxg3 18. fxg3 Nxd3 19. Re2 e4 20. Nh4 Nxe3 21. Qd2 Qf6 22. Bb2 Qxe7 23. Rxe3 Qg5 24. Rxd3 Qc5+ 25. Bd4 1-0

[Event "SVK-chT 1718"]
[Site "Slovakia"]
[Date "2017.11.11"]
[Round "3.2"]
[White "Pcola, Jaroslav1111"]
[Black "Machata, Martin"]
[Result "1/2-1/2"]
[WhiteElo "2083"]
[BlackElo "2241"]
[PlyCount "68"]
[EventDate "2017.09.30"]
[EventType "team-tourn"]
[EventRounds "11"]
[EventCountry "SVK"]
[SourceTitle "CBM 181 Extra"]
[Source "ChessBase"]
[SourceDate "2017.12.12"]
[SourceVersion "1"]
[SourceVersionDate "2017.12.12"]
[SourceQuality "1"]
[WhiteTeam "Snina Reinter"]
[BlackTeam "Modra"]
[WhiteTeamCountry "SVK"]
[BlackTeamCountry "SVK"]

1. e4 g6 2. d4 Bg7 3. Nc3 d6 4. g3 a6 5. Bg2 b5 6. Nge2 Bb7 7. a3 Nd7 8. 0-0 c5 9. Be3 Rc8 10. h3 cxd4 11. Bxd4 Bxd4 12. Qxd4 Ngf6 13. g4 0-0 14. Rad1 Qb6 15. Rfe1 Qxd4 16. Nxd4 Rc4 17. Bf1 Rc5 18. Nb3 Rc7 19. f3 Rfc8 20. Nd4 Ne5 21. Kf2 Kf8 22. Rd2 Rc5 23. Nb3 R5c7 24. Nd4 Nc4 25. Bxc4 Rxc4 26. Ree2 Nd7 27. Nd1 Nb6 28. Ne3 R4c7 29. c3 Nc4 30. Nxc4 Rxc4 31. Nc2 R4c5 32. Ne3 a5 33. Nc2 Ba6 34. Re3 R8c7 1/2-1/2

[Event "Hum na Sutli op 11th"]
[Site "Hum na Sutli"]
[Date "2017.09.02"]
[Round "9"]
[White "Machata, Martin"]
[Black "Novosel, Marko"]
[Result "1-0"]
[WhiteElo "2241"]
[BlackElo "1989"]
[PlyCount "43"]
[EventDate "2017.08.25"]
[EventType "swiss"]
[EventRounds "9"]
[EventCountry "CRO"]
[SourceTitle "EXT 2018"]
[Source "ChessBase"]
[SourceDate "2017.10.13"]
[SourceVersion "1"]
[SourceVersionDate "2017.10.13"]
[SourceQuality "1"]

1. d4 Nf6 2. Bg5 e6 3. Nd2 Be7 4. c3 h6 5. Bxf6 Bxf6 6. f4 b6 7. e4 d5 8. e5 Be7 9. Bd3 c5 10. Ne2 c4 11. Nxc4 Ba6 12. Ne3 Bxd3 13. Qxd3 0-0 14. 0-0 Qd7 15. f5 exf5 16. Nxf5 Kh8 17. Nf4 Bg5 18. e6 Qc7 19. Nxd5 Qb7 20. e7 Re8 21. c4 Qd7 22. h4 1-0

[Event "Hum na Sutli op 11th"]
[Site "Hum na Sutli"]
[Date "2017.08.27"]
[Round "3"]
[White "Machata, Martin"]
[Black "Babic, Mladen"]
[Result "1-0"]
[WhiteElo "2241"]
[BlackElo "1835"]
[PlyCount "79"]
[EventDate "2017.08.25"]
[EventType "swiss"]
[EventRounds "9"]
[EventCountry "CRO"]
[SourceTitle "EXT 2018"]
[Source "ChessBase"]
[SourceDate "2017.10.13"]
[SourceVersion "1"]
[SourceVersionDate "2017.10.13"]
[SourceQuality "1"]

1. Nf3 Nf6 2. g3 g6 3. b3 Bg7 4. Bb2 b6 5. Bg2 Bb7 6. 0-0 0-0 7. c4 d6 8. d4 Nbd7 9. d5 Re8 10. Nd4 Nf8 11. Nc3 Qd7 12. Qd2 Qg4 13. h3 Qc8 14. e4 e5 15. Nc2 Qd8 16. Nb4 a5 17. Nd3 Bc8 18. a3 Bd7 19. b4 Qc8 20. Kh2 Re7 21. c5 axb4 22. axb4 Rxa1 23. Rxa1 bxc5 24. bxc5 Qb8 25. Ba3 Ne8 26. Qb2 Qd8 27. c6 Bc8 28. Qb8 f5 29. Bc1 Nf6 30. Ra8 Re8 31. Ra7 Re7 32. Bg5 h6 33. Bxf6 Bxf6 34. Nb5 Nh7 35. Ra8 Re8 36. Qxc7 Ng5 37. Qxd8 Rxd8 38. c7 Rf8 39. Nxd6 Nxe4 40. Nxc8 1-0

[Event "Hum na Sutli op 11th"]
[Site "Hum na Sutli"]
[Date "2017.08.25"]
[Round "1"]
[White "Machata, Martin"]
[Black "Klapac, Patrik"]
[Result "1-0"]
[WhiteElo "2241"]
[BlackElo "1778"]
[PlyCount "51"]
[EventDate "2017.08.25"]
[EventType "swiss"]
[EventRounds "9"]
[EventCountry "CRO"]
[SourceTitle "EXT 2018"]
[Source "ChessBase"]
[SourceDate "2017.10.13"]
[SourceVersion "1"]
[SourceVersionDate "2017.10.13"]
[SourceQuality "1"]

1. Nf3 Nf6 2. g3 g6 3. b3 Bg7 4. Bb2 0-0 5. Bg2 Nc6 6. d4 d5 7. 0-0 Bf5 8. c4 e6 9. Nc3 Ne4 10. Na4 dxc4 11. bxc4 Qd7 12. e3 Bg4 13. h3 Bxf3 14. Bxf3 Ng5 15. Bg2 Rad8 16. h4 f6 17. Nc5 Qc8 18. hxg5 fxg5 19. Qb3 Na5 20. Qa4 b6 21. Nb3 Nb7 22. Qxa7 Nd6 23. Ba3 Rf7 24. Bxd6 cxd6 25. Qxb6 e5 26. Bd5 1-0

[Event "CRO-chT2 Center 26th"]
[Site "Croatia"]
[Date "2017.04.09"]
[Round "5.53"]
[White "Machata, Martin"]
[Black "Havas, Ladislav"]
[Result "1-0"]
[WhiteElo "2266"]
[BlackElo "2258"]
[PlyCount "120"]
[EventDate "2017.03.26"]
[EventType "team-tourn"]
[EventRounds "11"]
[EventCountry "CRO"]
[SourceTitle "EXT 2019"]
[Source "ChessBase"]
[SourceDate "2018.10.10"]
[SourceVersion "1"]
[SourceVersionDate "2018.10.10"]
[SourceQuality "1"]

1. Nf3 Nf6 2. g3 g6 3. b3 Bg7 4. Bb2 0-0 5. Bg2 d6 6. d4 Nbd7 7. 0-0 e5 8. dxe5 Ng4 9. c4 Ngxe5 10. Nc3 Nxf3+ 11. exf3 a5 12. Qd2 Nc5 13. Rad1 Be6 14. Ne4 b6 15. Bxg7 Kxg7 16. Qc3+ f6 17. f4 Ra7 18. Rfe1 Bd7 19. Re3 h6 20. Rde1 Bf5 21. Nd2 Na6 22. Bc6 Nb4 23. Re7+ Rf7 24. Re8 Nxc6 25. Rxd8 Nxd8 26. Nf3 c5 27. Nh4 Nc6 28. Nxf5+ gxf5 29. Rd1 Nd4 30. Rxd4 cxd4 31. Qxd4 Rab7 32. Qxd6 Kg6 33. h4 h5 34. Kg2 Rfd7 35. Qc6 Re7 36. a3 Rb8 37. Kf1 Ree8 38. Qb5 Rec8 39. f3 Rc5 40. Qa6 Rc7 41. Qb5 Rc5 42. Qd7 b5 43. g4 fxg4 44. fxg4 hxg4 45. Qxg4+ Kf7 46. h5 Ke7 47. h6 bxc4 48. bxc4 Rcc8 49. h7 Kd6 50. Qg7 Ke6 51. c5 Kf5 52. c6 Kxf4 53. Qxf6+ Ke3 54. Kg2 Rf8 55. Qe7+ Kd3 56. Kg3 a4 57. Kg4 Kc4 58. c7 Rbe8 59. Qg5 Re4+ 60. Kh5 Kb3 1-0

[Event "CRO-chT2 Center 26th"]
[Site "Croatia"]
[Date "2017.04.09"]
[Round "6.33"]
[White "Orak, Ljubomir"]
[Black "Machata, Martin"]
[Result "1/2-1/2"]
[WhiteElo "2273"]
[BlackElo "2266"]
[PlyCount "66"]
[EventDate "2017.03.26"]
[EventType "team-tourn"]
[EventRounds "11"]
[EventCountry "CRO"]
[SourceTitle "EXT 2019"]
[Source "ChessBase"]
[SourceDate "2018.10.10"]
[SourceVersion "1"]
[SourceVersionDate "2018.10.10"]
[SourceQuality "1"]

1. e4 d5 2. exd5 Nf6 3. Nf3 Nxd5 4. d4 g6 5. c4 Nb6 6. Nc3 Bg7 7. Be2 0-0 8. 0-0 Bg4 9. c5 Nd5 10. Qb3 Nxc3 11. bxc3 b6 12. cxb6 cxb6 13. Be3 Nc6 14. h3 Be6 15. c4 Rc8 16. Rac1 Na5 17. Qb4 Nc6 18. Qd2 Na5 19. d5 Bf5 20. c5 Be4 21. cxb6 Rxc1 22. Rxc1 axb6 23. Qb4 Qxd5 24. Bxb6 Nc6 25. Qc4 Rb8 26. Be3 Ra8 27. Rd1 Qxc4 28. Bxc4 e6 29. Ng5 Bc2 30. Rd2 Bb1 31. f4 h6 32. Nf3 Nb4 33. Ne5 Bxa2 1/2-1/2

[Event "SVK-chT 1516"]
[Site "Slovakia"]
[Date "2016.01.16"]
[Round "5.6"]
[White "Zvarik, Martin"]
[Black "Machata, Martin"]
[Result "1/2-1/2"]
[WhiteElo "2296"]
[BlackElo "2225"]
[PlyCount "128"]
[EventDate "2015.10.10"]
[EventType "team-tourn"]
[EventRounds "11"]
[EventCountry "SVK"]
[SourceTitle "CBM 170 Extra"]
[Source "ChessBase"]
[SourceDate "2016.02.25"]
[SourceVersion "1"]
[SourceVersionDate "2016.02.25"]
[SourceQuality "1"]
[WhiteTeam "Dubnica nad Vahom"]
[BlackTeam "Modra"]
[WhiteTeamCountry "SVK"]
[BlackTeamCountry "SVK"]

1. d4 g6 2. e4 Bg7 3. Nf3 c5 4. c3 cxd4 5. cxd4 d5 6. e5 Nc6 7. Nc3 Nh6 8. Qb3 0-0 9. Be3 Nf5 10. Be2 e6 11. 0-0 f6 12. exf6 Bxf6 13. Rad1 Qe7 14. Rd2 Qg7 15. Rfd1 g5 16. g4 Nd6 17. h3 Na5 18. Qc2 Nac4 19. Bxc4 Nxc4 20. Re2 Bd7 21. b3 Nd6 22. Ne5 Rac8 23. Nxd7 Qxd7 24. Qd3 Rc7 25. Bd2 b5 26. Rde1 Re8 27. Qf3 Kg7 28. h4 b4 29. Na4 Bxd4 30. Be3 Bxe3 31. Qxe3 gxh4 32. Nc5 Rxc5 33. Qxc5 Ne4 34. Qxb4 Ng5 35. Kf1 d4 36. Re5 Nf3 37. Rh5 Nxe1 38. Qxe1 e5 39. Qe4 Kg8 40. Rg5+ Kh8 41. Rxe5 Qb5+ 42. Rxb5 Rxe4 43. Rh5 Rxg4 44. Ke2 Rf4 45. Ra5 Kg7 46. Rxa7+ Kg6 47. f3 d3+ 48. Kxd3 Rxf3+ 49. Ke2 Rf5 50. Rc7 h3 51. a4 h5 52. b4 Kg5 53. b5 h2 54. Rc1 Rf4 55. a5 Rf5 56. a6 Rxb5 57. a7 Rb2+ 58. Kf3 Ra2 59. Kg3 h4+ 60. Kh3 Rxa7 61. Rc5+ Kf4 62. Kxh2 Ra2+ 63. Kh3 Ra1 64. Rc4+ Kf3 1/2-1/2

[Event "CRO-chT2 Center"]
[Site "Croatia"]
[Date "2015.10.18"]
[Round "10.45"]
[White "Buhin, Denis"]
[Black "Machata, Martin"]
[Result "0-1"]
[WhiteElo "1957"]
[BlackElo "2232"]
[PlyCount "106"]
[EventDate "2015.03.22"]
[EventType "team-tourn"]
[EventRounds "11"]
[EventCountry "CRO"]
[SourceTitle "EXT 2016"]
[Source "ChessBase"]
[SourceDate "2015.10.08"]
[SourceVersion "1"]
[SourceVersionDate "2015.10.08"]
[SourceQuality "1"]

1. Nf3 g6 2. c4 Bg7 3. d4 c5 4. g3 cxd4 5. Nxd4 Nc6 6. Nxc6 bxc6 7. Bg2 Rb8 8. 0-0 Rxb2 9. Bxb2 Bxb2 10. Nd2 Bxa1 11. Qxa1 Nf6 12. Ne4 0-0 13. Nxf6+ exf6 14. Qc3 Qe7 15. e3 Qc5 16. Rc1 Kg7 17. Bh3 d6 18. Bxc8 Rxc8 19. Rb1 d5 20. Rc1 dxc4 21. Qxc4 Qxc4 22. Rxc4 c5 23. e4 Kf8 24. Kf1 Ke7 25. Ra4 Rc7 26. Ke2 c4 27. Kd2 c3+ 28. Kc2 Kd6 29. f4 Kc5 30. a3 h6 31. Rb4 a5 32. Ra4 Kb5 33. Rd4 Rc4 34. Rd5+ Ka4 35. e5 fxe5 36. Rxe5 Rc6 37. f5 Kxa3 38. Rxa5+ Kb4 39. Re5 Kc4 40. fxg6 fxg6 41. Re8 h5 42. Re4+ Kd5 43. Rf4 Ke5 44. Rf8 Ke4 45. Rf7 Rc5 46. Rf6 g5 47. Rf1 Rf5 48. Re1+ Kd4 49. Re2 g4 50. Rg2 Ra5 51. Rg1 Ra2+ 52. Kb3 Rb2+ 53. Ka3 Rxh2 0-1

[Event "CRO-chT2 Center 23rd"]
[Site "Grubisno Polje"]
[Date "2014.10.26"]
[Round "11.1"]
[White "Machata, Martin"]
[Black "Kostanjsek, Zorko"]
[Result "1-0"]
[WhiteElo "2240"]
[BlackElo "2188"]
[PlyCount "63"]
[EventDate "2014.03.02"]
[EventType "team-match"]
[EventRounds "11"]
[EventCountry "CRO"]
[SourceTitle "EXT 2016"]
[Source "ChessBase"]
[SourceDate "2015.10.08"]
[SourceVersion "1"]
[SourceVersionDate "2015.10.08"]
[SourceQuality "1"]

1. d4 d6 2. Nf3 Bg4 3. c4 c6 4. Nc3 Nf6 5. g3 Bxf3 6. exf3 e6 7. d5 exd5 8. cxd5 c5 9. Qb3 Nbd7 10. Qxb7 Be7 11. Bb5 0-0 12. Bc6 Rb8 13. Qxa7 Ne5 14. 0-0 Qc8 15. Kg2 Nxc6 16. dxc6 Qxc6 17. Qa4 Qb7 18. b3 d5 19. Bf4 Ra8 20. Qb5 Qc8 21. Rfe1 Ra7 22. Bg5 Qa8 23. Rad1 Rd8 24. Bxf6 gxf6 25. Na4 Ra5 26. Qe2 Bf8 27. Qd2 c4 28. Qf4 Qc6 29. Re2 c3 30. Rc2 Rxa4 31. bxa4 f5 32. Qg5+ 1-0

[Event "CRO-chT2 Center 23rd"]
[Site "Grubisno Polje"]
[Date "2014.09.07"]
[Round "8.15"]
[White "Machata, Martin"]
[Black "Furjan, Antun"]
[Result "1-0"]
[WhiteElo "2240"]
[BlackElo "1985"]
[PlyCount "24"]
[EventDate "2014.03.02"]
[EventType "team-match"]
[EventRounds "11"]
[EventCountry "CRO"]
[SourceTitle "EXT 2016"]
[Source "ChessBase"]
[SourceDate "2015.10.08"]
[SourceVersion "1"]
[SourceVersionDate "2015.10.08"]
[SourceQuality "1"]

1. Nf3 d5 2. c4 d4 3. g3 c5 4. b4 e6 5. d3 Nf6 6. Bg2 Be7 7. 0-0 0-0 8. Nbd2 cxb4 9. a3 bxa3 10. Qb3 Nc6 11. Bxa3 Bxa3 12. Qxa3 e5 1-0

[Event "CRO-chT2 Center 23rd"]
[Site "Grubisno Polje"]
[Date "2014.04.06"]
[Round "6.1"]
[White "Bjelicic, Jan"]
[Black "Machata, Martin"]
[Result "1/2-1/2"]
[WhiteElo "2151"]
[BlackElo "2240"]
[PlyCount "35"]
[EventDate "2014.03.02"]
[EventType "team-match"]
[EventRounds "11"]
[EventCountry "CRO"]
[SourceTitle "EXT 2016"]
[Source "ChessBase"]
[SourceDate "2015.10.08"]
[SourceVersion "1"]
[SourceVersionDate "2015.10.08"]
[SourceQuality "1"]

1. e4 d5 2. exd5 Nf6 3. Nf3 Nxd5 4. d4 g6 5. Be2 Bg7 6. 0-0 0-0 7. c4 Nb6 8. Nc3 Bg4 9. c5 Nd5 10. Qb3 Nxc3 11. bxc3 b6 12. Ba3 Nc6 13. Rfe1 Na5 14. Qa4 Bd7 15. Qc2 Bf5 16. Qa4 Bd7 17. Qc2 Bf5 18. Qa4 1/2-1/2